Statystyki dla Jak dobrze znasz sezon 2022 w F1?

Kliknij tutaj aby rozwiązać quiz!

Ogólne statystyki

  • Ten quiz został rozwiązany 97 razy
  • Średni wynik to 8 z 14

Statystyki odpowiedzi

HintOdpowiedź% Poprawnych
Ile razy Lewis Hamilton i George Russell stali razem na podium w 2022 roku?3
91%
Ile razy Sergio Perez nie ukończył wyścigu w 2022 roku?2
88%
Ilu kierowców zdobyło pole position po raz pierwszy w swojej karierze w 2022 roku?4
88%
Ile wyścigów wygrał Max Verstappen w 2022 roku?15
83%
Kto poza Maxem i Perezem stanął na podium na Imoli?Norris
82%
Gdzie Kevin Magnussen zdobył Pole Position?Brazylia
71%
Który kierowca spowodował, że Carlos Sainz odpadł z GP USA już na 1 okrążeniu?Russell
65%
Kto poza Maxem Verstappenem i Sergio Perezem nie ukończył wyścigu w Bahrajnie?Gasly
60%
Podczas którego Grand Prix Nyck de Vries zadebiutował w F1?Włochy
54%
Który kierowca nie mógł wystartować w sprincie z powodu założonych koców grzewczych?Alonso
50%
Podczas którego Grand Prix Lewis Hamilton odpadł w Q1?Arabia Saudyjska
50%
Na jakiej najwyższej pozycji Daniel Ricciardo ukończył wyścig? (w Singapurze)P5
15%
Na jakiej pozycji Max Verstappen ukończył Grand Prix Singapuru?P7
15%
Z jakiego powodu Max Verstappen nie zdobył pole position w Hiszpanii?Brak DRS
6%

Rozkład punktacji

Percentyl według liczby udzielonych odpowiedzi

Procent ludzi z każdym wynikiem

Twoja historia wyników

Nie rozwiązałeś tego quizu